Berliner Berufsfeuerwachen - Statistiken

Allgemein
  • Dieses Quiz wurde 87 mal gespielt
    49 seit der letzten Aktualisierung
  • Das Durchschnittsergebnis liegt bei 27 aus 35
Antwortstatistiken
Bezirk EB Wachnummer Name der Feuerwache % Korrekt
Friedrichshain-Kreuzberg 1 1600 Kreuzberg
96%
Friedrichshain-Kreuzberg 1 1200 Friedrichshain
92%
Marzahn-Hellersdorf 6 6100 Marzahn
92%
Neukölln 5 5100 Neukölln
92%
Pankow 2 2600 Pankow
92%
Charlottenburg-Wilmersdorf 3 3600 Charlottenburg-Nord
88%
Treptow-Köpenick 5 5400 Köpenick
88%
Lichtenberg 6 6400 Lichtenberg
88%
Mitte 1 1100 Mitte
88%
Tempelhof-Schöneberg 4 4300 Tempelhof
88%
Marzahn-Hellersdorf 6 6200 Hellersdorf
84%
Tempelhof-Schöneberg 4 4400 Schöneberg
84%
Steglitz-Zehlendorf 4 4200 Steglitz
84%
Treptow-Köpenick 5 5300 Treptow
84%
Steglitz-Zehlendorf 4 4100 Zehlendorf
84%
Charlottenburg-Wilmersdorf 3 3400 Wilmersdorf
80%
Mitte 1 1400 Moabit
76%
Charlottenburg-Wilmersdorf 3 3300 Suarez
76%
Mitte 1 2500 Wedding
76%
Charlottenburg-Wilmersdorf 3 3500 Ranke
72%
Spandau 3 3100 Spandau-Nord
72%
Spandau 3 3200 Spandau-Süd
72%
Reinickendorf 2 2400 Tegel
72%
Neukölln 5 5200 Buckow
68%
Pankow 2 1300 Prenzlauer Berg
68%
Mitte 1 1700 Tiergarten
68%
Friedrichshain-Kreuzberg 1 1500 Urban
68%
Steglitz-Zehlendorf 4 4500 Wannsee
68%
Steglitz-Zehlendorf 4 4600 Lichterfelde
64%
Tempelhof-Schöneberg 4 4700 Marienfelde
64%
Pankow 2 6300 Weißensee
64%
Mitte 1 2100 Schillerpark
56%
Lichtenberg 6 6500 Karlshorst
52%
Reinickendorf 2 2300 Hermsdorf
48%
Reinickendorf 2 2200 Wittenau
48%
Keine übereinstimmenden Quizze gefunden
Verteilung der Resultate
Anzahl Personen mit jedem Resultat
Perzentil nach korrekt beantworteten Fragen
Ihre Resultats-Entwicklung
Sie haben dieses Quiz seit der letzten Aktualisierung nicht gespielt